Biggest cities of Galicia - Statistics

General Stats
  • This quiz has been taken 9 times
  • The average score is 6 of 10
Answer Stats
Population Country City % Correct
809 917 . Kraków
89%
717 273 . Lviv
89%
203 726 . Rzeszów
67%
238 855 . Ivano-Frankivsk
56%
219 956 . Ternopil
56%
83 661 . Nowy Sącz
44%
57 987 . Przemyśl
44%
106 808 . Tarnów
44%
73 123 . Drohobych
33%
57 817 . Stryi
33%
No matching quizzes found
Score Distribution
Percent of People with Each Score
Percentile by Number Answered
Your Score History
You have not taken this quiz